000 00954nam a2200253Ia 4500
003 OSt
005 20220930065551.0
006 a|||||r|||| 00| 0
007 ta
008 220926b |||||||| |||| 00| 0 eng d
024 _a5780
037 _cTheses
040 _aCRL
_cCRL
_beng
041 _2eng
_aeng
100 _aMukherjee K L
_9526050
110 _aUniversity of Delhi. National Institute of Health and Family Welfare. Department of Community Health Administration
_9519585
245 0 _aAdministration and organisational aspect of school health services provided through a municipality
260 _c1971
650 _aCOMMUNITY HEALTH SERVICES
700 _a Dr Prabha Malhotra Supervisor
_9526051
700 _aUniversity of Delhi. National Institute of Health and Family Welfare. Department of Community Health Administration
_9519587
942 _cDIS
_2CC
999 _c859719
_d859719